000 00267nam a2200109 a 4500
005 20141022142009.0
008 120229s19uu xx 00 eng d
050 _aCD
_bIv3 2010
245 _aIntentional interviewing and counseling.
260 _c2010.
942 _cAVM
999 _c276675
_d276675